00872nam a2200205 a 450000100100000000500170001000800410002704000250006808200180009311000320011124500730014326000330021630000210024950001320027065000650040265000570046704900090052495201160053399900170064900002512320200930023557.0090904s2010 dr 000 0 spa d aDO-SdBNPbspacBNPHU a344.01bR426c2 aRepública Dominicana944710aLey No. 16-92 :bcódigo de trabajo de la República Dominicana /. aSanto Domingo :bMAD,c2010. a256 p. :b22 cm. aContiene las modificaciones que se han introducido a los artículos del Código de Trabajo (art. 177. 184, 222, 473 y 103-99) 4aDerecho laboralxLegislaciónzRepública Dominicana97806 4aLegislación laboralzRepública Dominicana911733 aBNPD 0010718PDaPDbPDcCTd2011-02-10iLF1l0o344.01 R426cp25123-10r2020-06-25w2020-06-25yLFPDZNo se presta c24616d24616